000 01689nam a22002297a 4500
999 _c57838
_d57838
003 Ge_BSU
005 20221221134300.0
008 210309s2021ge xxu||||| |||| 00| 0 geo d
041 _ageo
080 _a581 ც-63
100 _aცინარიძე,მერაბ
_910397
245 _aკოლხეთის დაბლობის რელიქტური კოლხური ტოფნარი ტყეები-ბიომრავალფეროვნება, კონსერვაცია, ჰაბიტატების აღდგენის შესაძლებლობები /
_cმერაბ ცინარიძე, სამეცნიერო ხელმძღ : იზოლდა მაჭუტაძე , დავით ბარათაშვილი.
264 _aბათუმი,
_c2021.
300 _a97 გვ.:
_c30სმ.
504 _aბიბლიოგრ.გვ: 91-97
653 _aბიოლიოგია
653 _aდისერტაცია
700 _aმაჭუტაძე,ი
_eსამეცნიერო ხელმძღვანელი
_910398
700 _aბარათაშვილი, დ
_eსამეცნიერო ხელმძღვანელი
_910399
710 _aბათუმის შოთა რუსთაველის სახელმწიფო უნივერსიტეტი საბუნებისმეტყველო მეცნიერებათა და ჯანდაცვის ფაკულტეტი ბიოლოგიის დეპარტამენტი
_910400
942 _2udc
_cDS